| 000 | 00999cab a2200229 4500 | ||
|---|---|---|---|
| 001 | ##L133628 | ||
| 008 | 060525n2006 000 0 eng u | ||
| 035 | _a(Sirsi) u133628 | ||
| 041 | 0 | _aeng | |
| 100 | 1 | _aMeadwell, Stacey | |
| 245 | 0 | 0 |
_aFocus two _bEdinburgh |
| 260 | _c2006 | ||
| 490 | 0 |
_aEstates Gazette _v(0620) 20 May 2006, 155-173(12) |
|
| 520 | _aCovers the improving Edinburgh office market following a recovery in the key financial and services sectors and the rise of Princes Street's east end as the in demand retail location. Reports on the revamping of fire-ravaged Edinburgh Old Town as a new leisure hub and a controversial plan to transform a strategic industrial and office site in Newbridge on Edinburgh's outskirts into a residential quarter. | ||
| 590 | _aIKA060606 | ||
| 651 | 4 | _aEDINBURGH | |
| 690 | _aPROPERTY-COMMERCIAL PROPERTY-COMMERCIAL PROPERTY MARKET | ||
| 700 | 1 | _aBaker, Colin | |
| 700 | 1 | _aMorrison, Adrian | |
| 700 | 1 | _aPilkington, Lisa | |
| 942 | _n0 | ||
| 999 |
_c77117 _d77117 |
||